| 000 | 01487nam0a2200325 4500 | ||
|---|---|---|---|
| 001 | RU\NLR\bibl\1014287 | ||
| 005 | 20260405145938.0 | ||
| 010 |
_a5-88156-357-3 _9100 |
||
| 021 |
_aRU _b2006-51968 _92561 |
||
| 035 | _a(NLR Aleph) 001001886 | ||
| 090 |
_a583880 _c583880 |
||
| 100 | _a20061127d2005 |||y0rusy50 ca | ||
| 101 | 0 | _arus | |
| 102 | _aRU | ||
| 105 | _ay ||||||||| | ||
| 200 | 1 |
_aБоевое применение артиллерийских подразделений _eучебное пособие _fВ.А. Кочкарев, Л.В. Львов, Г.М. Князев _gМ-во сел. хоз-ва Рос. Федерации, Федер. агентство по сел. хоз-ву, ФГОУ ВПО "Челяб. гос. агроинж. ун-т" |
|
| 210 |
_aЧелябинск _cЧГАУ _d2005 |
||
| 215 |
_a66 с. _d21 |
||
| 320 | _aБиблиогр.: с. 63-65 (43 назв.) | ||
| 606 | 1 |
_aАртиллерийские подразделения _jУчебные издания для высших учебных заведений _xБоевые действия _92394152 _3RU\NLR\auth\661427533 |
|
| 686 | _aЦ54,6(2Р)0-5я73-1 | ||
| 700 | 1 |
_aКочкарев _bВ. А. _4070 |
|
| 701 | 1 |
_4070 _8rus _7ca _aЛьвов _bЛ. В. _gЛеонид Васильевич _3RU\NLR\auth\7761314 _944244 |
|
| 701 | 1 |
_aКнязев _bГ. М. _4070 |
|
| 801 | 0 |
_aRU _bNLR _c20061127 _grcr |
|
| 801 | 1 |
_aRU _bNLR _c20061127 |
|
| 942 | _cBOOK | ||
| 980 | _aNB | ||
| 980 | _aNBR | ||